000 00835nam a2200205 4500
001 132080
003 ES-MaACL
005 20250728062610.0
007 t|
008 070214s1980 sp r ||||1| spa d
100 1 _aRodríguez Sánchez de Alva, Alfonso.
_998804
245 1 3 _aEl suelo como factor de localización industrial
_b: planteamiento general y análisis del caso español /
_cpor Alfonso Rodríguez Sánchez de Alva.
260 _aMadrid :
_bCentro de Estudios de Ordenación Territorial y Medio Ambiente,
_c1980.
300 _a298 p. :
_bil. ;
_c30 cm.
490 1 _aMonografías
710 2 _aCentro de Estudios de Ordenación Territorial y Medio Ambiente.
_92624
830 0 0 _aMonografías (Centro de Estudios Benaventanos "Ledo del Pozo")
_9177262
852 _aES-MaACL
_jL-5846
_bR.106430
999 _c132080
_d132080